<?xml version="1.0" encoding="UTF-8"?><?xml-stylesheet type="text/xsl" href="static/style.xsl"?><OAI-PMH xmlns="http://www.openarchives.org/OAI/2.0/" xmlns:xsi="http://www.w3.org/2001/XMLSchema-instance" xsi:schemaLocation="http://www.openarchives.org/OAI/2.0/ http://www.openarchives.org/OAI/2.0/OAI-PMH.xsd"><responseDate>2026-06-04T22:39:31Z</responseDate><request verb="GetRecord" identifier="oai:riuma.uma.es:10630/9324" metadataPrefix="marc">https://riuma.uma.es/rest/oai/request</request><GetRecord><record><header><identifier>oai:riuma.uma.es:10630/9324</identifier><datestamp>2026-02-03T12:52:00Z</datestamp><setSpec>com_10630_5701</setSpec><setSpec>com_10630_3139</setSpec><setSpec>com_10630_10</setSpec><setSpec>col_10630_9177</setSpec></header><metadata><record xmlns="http://www.loc.gov/MARC21/slim" xmlns:dcterms="http://purl.org/dc/terms/" xmlns:doc="http://www.lyncode.com/xoai" xmlns:xsi="http://www.w3.org/2001/XMLSchema-instance" xsi:schemaLocation="http://www.loc.gov/MARC21/slim http://www.loc.gov/standards/marcxml/schema/MARC21slim.xsd">
   <leader>00925njm 22002777a 4500</leader>
   <datafield ind2=" " ind1=" " tag="042">
      <subfield code="a">dc</subfield>
   </datafield>
   <datafield ind2=" " ind1=" " tag="720">
      <subfield code="a">Natera-Rivas, Juan José</subfield>
      <subfield code="e">author</subfield>
   </datafield>
   <datafield ind2=" " ind1=" " tag="260">
      <subfield code="c">1996</subfield>
   </datafield>
   <datafield ind2=" " ind1=" " tag="520">
      <subfield code="a">A principios de siglo, la necesidad de vivienda por parte de sectores de población de escasos recursos no podían acceder a ella en propiedad les obligó a buscarla en el mercado de alquiler, o bien optar por alojamientos irregulares -generalmente en la periferia de la ciudad-. Si en algunas ciudades del área andaluza fueron los corralones los encargados de acoger a esta población, en Argentina fueron los conventillos e inquilinatos; aunque los bonaerenses son los más conocidos, no estuvieron ausentes del resto del pais. Nuestro trabajo de este tipo de alojamiento en una de las ciudades del interior, San Miguel de Tucumán, mostrando el origen, evolución y situación actual de los inquilinatos de principios del Siglo XX.</subfield>
   </datafield>
   <datafield ind1="8" ind2=" " tag="024">
      <subfield code="a">Baetica 18, 1996, p. 223-241</subfield>
   </datafield>
   <datafield ind1="8" ind2=" " tag="024">
      <subfield code="a">0212-5099</subfield>
   </datafield>
   <datafield ind1="8" ind2=" " tag="024">
      <subfield code="a">http://hdl.handle.net/10630/9324</subfield>
   </datafield>
   <datafield tag="653" ind2=" " ind1=" ">
      <subfield code="a">Viviendas - Aspectos sociales - Argentina</subfield>
   </datafield>
   <datafield ind2="0" ind1="0" tag="245">
      <subfield code="a">Viviendas colectivas para sectores de población de bajos recursos: Los inquilinatos de San Miguel de Tucumán (Argentina) de principios del siglo XX</subfield>
   </datafield>
</record>
</metadata></record></GetRecord></OAI-PMH>